| 000 | 00509nam a2200157 4500 | ||
|---|---|---|---|
| 008 | 171207b xxu||||| |||| 00| 0 eng d | ||
| 020 | _a978082737258 | ||
| 082 |
_21997 _aDC 363.37 _bK68i |
||
| 100 |
_924441 _aKlinoff, Robert W., author. |
||
| 245 |
_aIntroduction to fire protection / _cRobert W. Klinoff. |
||
| 260 |
_aAlbany, N.Y. : _bDelmar Publishers, _c©1997 |
||
| 300 |
_axiii, 465 pages: _billustration ; _c24 cm. |
||
| 500 | _aIncludes index. | ||
| 650 | 0 |
_924444 _aFire prevention |
|
| 942 |
_2ddc _cDC |
||
| 999 |
_c7950 _d7950 |
||